एक बैचेन का रोज़नामचा (Record no. 4094)

MARC details
000 -LEADER
fixed length control field 01207 a2200253 4500
005 - DATE AND TIME OF LATEST TRANSACTION
control field 20080904141438.0
008 - FIXED-LENGTH DATA ELEMENTS--GENERAL INFORMATION
fixed length control field 080904t xxu||||| |||| 00| 0 hin d
010 ## - LIBRARY OF CONGRESS CONTROL NUMBER
LC control number HIN-79897
020 ## - INTERNATIONAL STANDARD BOOK NUMBER
International Standard Book Number 9788126713394
Terms of availability 150.00
035 ## - SYSTEM CONTROL NUMBER
System control number HN-52243
037 ## - SOURCE OF ACQUISITION
Source of stock number/acquisition D.B.Act / pub
082 ## - DEWEY DECIMAL CLASSIFICATION NUMBER
Classification number
100 ## - MAIN ENTRY--PERSONAL NAME
Personal name पैसोआ, फरनान्दो
245 ## - TITLE STATEMENT
Title एक बैचेन का रोज़नामचा
Statement of responsibility, etc फरनान्दो पैसोआ; अनुवादक शरद चन्द्रा
246 ## - VARYING FORM OF TITLE
Title proper/short title Ek Bechain ka Roznamcha
Remainder of title by Fermando Pessoa
260 ## - PUBLICATION, DISTRIBUTION, ETC. (IMPRINT)
Place of publication, distribution, etc नई दिल्ली
Name of publisher, distributor, etc राजकमल प्रकाशन
Date of publication, distribution, etc 2007
270 ## - ADDRESS
Address 1-बी, नेताजी सुभाष मार्ग
City नई दिल्ली
Postal code 110002
300 ## - PHYSICAL DESCRIPTION
Extent 128पृ
Dimensions 22 सेमी (सजिल्द)
650 ## - SUBJECT ADDED ENTRY--TOPICAL TERM
Topical term or geographic name as entry element हिन्दी उपन्यास
650 ## - SUBJECT ADDED ENTRY--TOPICAL TERM
Topical term or geographic name as entry element Hindi Novel
700 ## - ADDED ENTRY--PERSONAL NAME
Personal name चन्द्रा, शरद
942 ## - ADDED ENTRY ELEMENTS (KOHA)
Institution code [OBSOLETE] dpl
Koha item type Hindi Books
Call number prefix उ / पैसोआ
Source of classification or shelving scheme Dewey Decimal Classification
Classification part
Call number suffix पैसोआ
Holdings
Withdrawn status Lost status Damaged status Not for loan Home library Current library Date acquired Cost, normal purchase price Total Checkouts Full call number Barcode Date last seen Copy number Uniform Resource Identifier Cost, replacement price Price effective from Koha item type
        D.B.Act.Division D.B.Act.Division 04/09/2008 150.00   उ पैसोआ HN-52243 15/09/2008 1 4340 150.00 15/09/2008 Hindi Books

© Delhi Public Library
Hit Counter
free hit counter